1123 1413 1438 1831 1707 1853 1876 1229 1352 1044 1720 1949 1805 1917 1660 1292 1505 1297 1967 1127 1008 1943 1166 1978 1899 1935 1410 1815 1296 1569 1344 1738 1566 1793 1162 1206 1900 1053 1319 1585 1052 1836 1403 1677 1381 1656 1107 1574 1429 1207 1286 1762 1561 1252 1847 1098 1357 1362 1583 1460 1286 1688 1510 1067 1628 1530 1687 1100 1106 1128 1189 1853 1159 1307 1254 1706 1884 1934 1655 1331 1275 1197 1152 1210 1650 1212 1566 1386 1280 1468 1461 1074 1568 1737 1008 1506 1930 1246 2000 BCNSPRNW ULIB Ver.6.0+V

เปลี่ยนเป็นภาษาไทย

Change to English
 แสดงรายละเอียดบรรณานุกรม
  กลับหน้าหลัก

Brief Record : Get Marc (ISO 2709) : E-mail record : QR code < ปิดหน้าต่าง
LEADER : 00000nam 2200000uu 4500
001    13399109597
003     ULIB
008    110405s2543||||th 000 0 tha d
060  4 WB400^bร487ร 2543
245 00 กินอย่างไรโรคไตไม่กำเริบ/^cมปป.
250    พิมพ์ครั้งที่ 5
300    56 หน้า
650  7 โรคไต
856    ทศพร
945    ^p0^l0^i012862
945    ^p0^l0^i012861
999 ^a ใช้งานได้ทุกระบบ
รายการนี้ยังไม่มีแท็ก
คุณยังไม่ได้ล็อกอิน คุณสามารถมีกิจกรรมร่วมกับเว็บไซต์ได้ แต่ต้องล็อกอินก่อน ::
  ล็อกอิน

รายการสื่อสารสนเทศ

ลำดับที่ ประเภท เลขเรียก/บาร์โค้ด สถานที่ สถานะ
- ไม่พบข้อมูล -

รายการใกล้เคียง
    หัวเรื่อง [โรคไต]

BibComment


ยังไม่เคยถูกคอมเมนท์

คอมเมนท์ทรัพยากรรายการนี้
  คอมเมนท์: กินอย่างไรโรคไตไม..


 Copyright 2026. Bcnsprnw @Library